000 00626nam a2200205 a 4500
003 PILC
005 20160203155134.0
008 111015s19uu xx 00 eng d
020 _a9780415391399
050 _aBF 295
_b.Ut85 2008
100 _aUtley, Andrea.
245 _aMotor control, learning and development /
_cAndrea Utley and Sarah Astill.
260 _aNew York :
_bTaylor & Francis,
_c2008.
300 _a244 pages :
_billustrations ;
_c24 cm.
500 _aIncludes bibliographical references and indexes.
650 _aMotor ability.
700 _aAstill, Sarah.
942 _cBK
_2lcc
_kFOR
999 _c24994
_d24994